Economic planning and the improvement of economic policy /

Saved in:
Bibliographic Details
Main Author: Stein, Herbert
Format: Book
Language:English
Published: Washington : American Enterprise Institute for Public Policy Research, 1975.
Series:Domestic affairs studies ; 38
Subjects:
LEADER 01154nam a2200277 i 4500
001 c000237782
003 CARM
005 00000000000000.0
008 840301s1975 dcu 0 eng d
019 1 |a 237430  |5 LACONCORD2021 
020 |a 0844731838 
035 |a (OCoLC)1691007  |5 LACONCORD2021 
082 0 4 |a 338.973 
100 1 |a Stein, Herbert. 
245 1 0 |a Economic planning and the improvement of economic policy /  |c Herbert Stein. 
260 |a Washington :  |b American Enterprise Institute for Public Policy Research,  |c 1975. 
300 |a 33 p. ;  |c 23 cm. 
440 0 |a Domestic affairs studies ;  |v 38 
504 |a Includes bibliographical references. 
650 0 |a Industrial policy  |z United States. 
651 0 |a United States  |x Economic policy. 
852 8 |b CARM  |h A2:AQ27G0  |i B07762  |p 0338531  |f BK 
852 8 |b CARM  |h A1:AL25B0  |i B10253  |p 0436752  |f BK 
999 f f |i 61db7b9b-279a-57d2-bb35-ecebabb5dab4  |s 4de25126-016d-5689-bda9-ac0c4fdaa440 
952 f f |p Can circulate  |a CAVAL  |b CAVAL  |c CAVAL  |d CARM 1 Store  |e B10253  |f A1:AL25B0  |h Other scheme  |i book  |m 0436752 
952 f f |p Can circulate  |a CAVAL  |b CAVAL  |c CAVAL  |d CARM 1 Store  |e B07762  |f A2:AQ27G0  |h Other scheme  |i book  |m 0338531